000 01869nam a2200409 a 4500
001 12738
003 BD-JhCC
005 20230520094949.0
007 sd fsngnnmmned
008 230510s2014 nyu | 001 | eng d
020 _a9781471138805
024 3 _z9781442376229
035 _a(BD-JhCC)12738
040 _aTOH
_beng
_cTOH
_dBTCTA
_dBDX
_dTEF
_dIK2
_dJP3
_dRECBX
_dOCLCF
_dMNM
_dDLC
_dBD-JhCC
042 _alccopycat
050 0 0 _aSDC 53348
082 0 4 _a004.092/2
_223
_bISA 2014
100 1 _aIsaacson, Walter.
245 1 4 _aThe innovators :
_bhow a group of hackers, geniuses, and geeks created the digital revolution /
_cWalter Isaacson.
260 _aNew York :
_bSimon & Schuster Audio,
_c2014.
300 _a542 p. :
_c21 cm.
306 _a173000
504 _aIncludes index.
511 0 _aReading by Dennis Boutsikaris of the 2014 book.
520 _aThe computer and the Internet are among the most important inventions of our era, but few people know who created them. Most innovations of the digital age were made collaboratively. There were a lot of fascinating people involved, some ingenious and even a few geniuses. This is the story of these pioneers, hackers, and entrepreneurs, how their minds worked and what made them so creative. It's also a narrative of how their ability to work as teams made them even more creative.
650 0 _aComputer scientists
_vBiography.
650 0 _aComputer science
_xHistory.
650 0 _aInternet
_xHistory.
650 7 _aComputer science.
_2fast
_0(OCoLC)fst00872451
650 7 _aComputer scientists.
_2fast
_0(OCoLC)fst00872482
650 7 _aInternet.
_2fast
_0(OCoLC)fst00977184
655 7 _aBiography.
_2fast
_0(OCoLC)fst01423686
655 7 _aHistory.
_2fast
_0(OCoLC)fst01411628
655 7 _aAudiobooks.
_2lcgft
942 _2ddc
_cBK
999 _c12738
_d12738